Statistics for Every song made by Kanye West

Click here to take the quiz!

General Stats

  • This quiz has been taken 14 times
  • The average score is 69 of 207

Answer Stats

AlbumAnswer% Correct
The College Dropout (2004)All Falls Down
91%
Graduation (2007)Good Morning
73%
My Beautiful Dark Twisted Fantasy (2010)Runaway
73%
The College Dropout (2004)Spaceship
73%
The College Dropout (2004)Through the Wire
73%
My Beautiful Dark Twisted Fantasy (2010)All of the Lights
64%
My Beautiful Dark Twisted Fantasy (2010)All of the Lights (Interlude)
64%
Graduation (2007)Barry Bonds
64%
VULTURES 1 (2024)CARNIVAL
64%
Graduation (2007)Champion
64%
My Beautiful Dark Twisted Fantasy (2010)Devil in a New Dress
64%
Donda (2021)Donda
64%
Graduation (2007)Drunk and Hot Girls
64%
Graduation (2007)Flashing Lights
64%
Ye (2018)Ghost Town
64%
The College Dropout (2004)Intro (skit)
64%
The College Dropout (2004)Jesus Walks
64%
Watch The Throne (2011)N*ggas in Paris
64%
The Life of Pablo (2016)Pt. 2
64%
Late Registration (2005)Skit #1
64%
Late Registration (2005)Skit #2
64%
Graduation (2007)Stronger
64%
The College Dropout (2004)The New Workout Plan
64%
VULTURES 1 (2024)VULTURES
64%
The College Dropout (2004)Workout Plan (skit)
64%
Graduation (2007)Big Brother
55%
Yeezus (2013)Black Skinhead
55%
Yeezus (2013)Bound 2
55%
VULTURES 1 (2024)BURN
55%
Kids See Ghosts (2018)Cudi Montage
55%
My Beautiful Dark Twisted Fantasy (2010)Dark Fantasy
55%
VULTURES 1 (2024)DO IT
55%
Graduation (2007)Everything I Am
55%
Kids See Ghosts (2018)Freeee (Ghost Town Pt. 2)
55%
VULTURES 1 (2024)FUK SUM
55%
Late Registration (2005)Gold Digger
55%
Graduation (2007)Good Night
55%
My Beautiful Dark Twisted Fantasy (2010)Gorgeous
55%
The College Dropout (2004)Graduation Day
55%
808s & Heartbreak (2008)Heartless
55%
Graduation (2007)I Wonder
55%
Kids See Ghosts (2018)Kids See Ghosts
55%
VULTURES 1 (2024)KING
55%
Late Registration (2005)Late
55%
My Beautiful Dark Twisted Fantasy (2010)Lost in the World
55%
Watch The Throne (2011)No Church in the Wild
55%
Kids See Ghosts (2018)Reborn
55%
The Life of Pablo (2016)Saint Pablo
55%
The College Dropout (2004School Spirit
55%
Late Registration (2005)Skit #3
55%
The College Dropout (2004)Slow Jamz
55%
Late Registration (2005)Touch the Sky
55%
My Beautiful Dark Twisted Fantasy (2010)Who Will Survive in America
55%
Kids See Ghosts (2018)4th Dimension
45%
Ye (2018)All Mine
45%
VULTURES 1 (2024)BEG FORGIVENESS
45%
Late Registration (2005)Diamonds From Sierra Leone
45%
Donda (2021)Donda Chant
45%
The Life of Pablo (2016)Famous
45%
Graduation (2007)Good Life
45%
Graduation (2007)Homecoming
45%
VULTURES 1 (2024)HOODRAT
45%
Yeezus (2013)I Am a God
45%
Donda (2021)Jail
45%
Donda (2021)Junya
45%
The College Dropout (2004)Last Call
45%
My Beautiful Dark Twisted Fantasy (2010)Monster
45%
Donda (2021)Moon
45%
The Life of Pablo (2016)No More Parties in LA
45%
Watch The Throne (2011)Otis
45%
808s & Heartbreak (2008)Pinocchio Story
45%
Late Registration (2005)Roses
45%
VULTURES 1 (2024)STARS
45%
The College Dropout (2004)Two Words
45%
Ye (2018)Violent Crimes
45%
Late Registration (2005)Wake Up Mr. West (skit)
45%
The Life of Pablo (2016)Waves
45%
The College Dropout (2004)We Don't Care
45%
808s & Heartbreak (2008)Amazing
36%
VULTURES 1 (2024)BACK TO ME
36%
Yeezus (2013)Blood on the Leaves
36%
The College Dropout (2004)Breathe In Breathe Out
36%
Graduation (2007)Can't Tell Me Nothing
36%
Late Registration (2005)Drive Slow
36%
The College Dropout (2004)Family Business
36%
The Life of Pablo (2016)Father Stretch My Hands Pt. 1
36%
Kids See Ghosts (2018)Feel The Love
36%
Kids See Ghosts (2018)Fire
36%
Jesus Is King (2019)Follow God
36%
The College Dropout (2004)Get 'Em High
36%
Watch The Throne (Deluxe) (2011)H-A-M
36%
My Beautiful Dark Twisted Fantasy (2010)Hell of a Life
36%
Yeezus (2013)Hold My Liquor
36%
The College Dropout (2004)I'll Fly Away
36%
Ye (2018)I Thought About Killing You
36%
Donda (2021)Junya pt 2
36%
VULTURES 1 (2024)KEYS TO MY LIFE
36%
The College Dropout (2004)Lil Jimmy (skit)
36%
The College Dropout (2004)Never Let Me Down
36%
Yeezus (2013)New Slaves
36%
Yeezus (2013)On Sight
36%
VULTURES 1 (2024)PAPERWORK
36%
My Beautiful Dark Twisted Fantasy (2010)POWER
36%
VULTURES 1 (2024)PROBLEMATIC
36%
Late Registration (2005)Skit #4
36%
My Beautiful Dark Twisted Fantasy (2010)So Appalled
36%
VULTURES 1 (2024)TALKING
36%
Graduation (2007)The Glory
36%
The Life of Pablo (2016)Ultralight Beam
36%
Ye (2018)Yikes
36%
Late Registration (2005)Addiction
27%
My Beautiful Dark Twisted Fantasy (2010)Blame Game
27%
808s & Heartbreak (2008)Coldest Winter
27%
The Life of Pablo (2016)Fade
27%
The Life of Pablo (2016)FML
27%
Jesus Is King (2019)God Is
27%
Yeezus (2013)Guilt Trip
27%
Late Registration (2005)Heard 'Em Say
27%
The Life of Pablo (2016)Highlights
27%
Donda (2021)Hurricane
27%
Single (No Album)I Love It
27%
Single (No Album)Lift Yourself
27%
808s & Heartbreak (2008)Love Lockdown
27%
Donda (2021)Off the Grid
27%
VULTURES 1 (2024)PAID
27%
Donda (2021)Praise God
27%
808s & Heartbreak (2008)RoboCop
27%
808s & Heartbreak (2008)See You in My Nightmares
27%
Jesus Is King (2019)Selah
27%
808s & Heartbreak (2008)Street Lights
27%
Jesus Is King (2019)Water
27%
808s & Heartbreak (2008)Welcome to Heartbreak
27%
Late Registration (2005)We Major
27%
The Life of Pablo (2016)Wolves
27%
Single (No Album)XTCY
27%
Donda (2021)24
18%
Late Registration (2005)Bring Me Down
18%
Late Registration (2005)Celebration
18%
Late Registration (2005)Crack Music
18%
The Life of Pablo (2016)Feedback
18%
Single (No Album)FourFiveSeconds
18%
The Life of Pablo (2016)Frank's Track
18%
Donda (2021)God Breathed
18%
Late Registration (2005)Gone
18%
Watch The Throne (Deluxe) (2011)Illest Motherf*cker Alive
18%
Yeezus (2013)I'm In It
18%
Donda (2021)Jail pt 2
18%
Jesus Is King (2019)Jesus Is Lord
18%
Donda (2021)Jesus Lord
18%
Donda (2021)Jonah
18%
Watch The Throne (2011)Lift Off
18%
Donda (2021)Lord I Need You
18%
The Life of Pablo (2016)Low Lights
18%
Jesus Is King (2019)On God
18%
808s & Heartbreak (2008)Paranoid
18%
Donda (2021)Remote Control
18%
808s & Heartbreak (2008)Say You Will
18%
Yeezus (2013)Send It Up
18%
Watch The Throne (2011)Why I Love You
18%
The Life of Pablo (2016)30 Hours
9%
Single (No Album)All Day
9%
Donda (2021)Believe What I Say
9%
Jesus Is King (2019)Closed on Sunday
9%
Jesus Is King (2019)Every Hour
9%
Jesus Is King (2019)Everything We Need
9%
The Life of Pablo (2016)Freestyle 4
9%
Jesus Is King (2019)Hands On
9%
Donda (2021)Heaven and Hell
9%
Late Registration (2005)Hey Mama
9%
Single (No Album)Hot Shit
9%
The Life of Pablo (2016)I Love Kanye
9%
Donda (2021)Jesus Lord pt 2
9%
Donda (Deluxe) (2021)Life of the Party
9%
Watch The Throne (2011)Made In America
9%
Watch The Throne (2011)Murder to Excellence
9%
Late Registration (2005)My Way Home
9%
Donda (Deluxe) (2021)Never Abandon Your Family
9%
Donda (2021)New Again
9%
Donda (2021)No Child Left Behind
9%
Ye (2018)No Mistakes
9%
Donda (2021)Ok Ok
9%
Donda (2021)Ok Ok pt 2
9%
Single (No Album)Only One
9%
Watch The Throne (Deluxe) (2011)Primetime
9%
Donda (Deluxe) (2021)Remote Control pt 2
9%
The Life of Pablo (2016)Siiiiiiiiilver Surffffeeeeer Intermission (skit)
9%
Donda (2021)Tell the Vision
9%
Watch The Throne (2011)That's My B*tch
9%
Watch The Throne (Deluxe) (2011)The Joy
9%
Donda (Deluxe) (2021)Up From the Ashes
9%
Jesus Is King (2019)Use This Gospel
9%
Single (No Album)Wash Us In The Blood
9%
Watch The Throne (2011)Welcome to the Jungle
9%
Watch The Throne (2011)Who Gon Stop Me
9%
Single (No Album)Ye vs. the People
9%
808s & Heartbreak (2008)Bad News
0%
Donda (2021)Come to Life
0%
Watch The Throne (2011)Gotta Have It
0%
Single (No Album)Impossible
0%
Donda (2021)Keep My Spirit Alive
0%
Donda (Deluxe) (2021)Keep My Spirit Alive pt 2
0%
Watch The Throne (2011)New Day
0%
Donda (2021)Pure Souls
0%
The Life of Pablo (2016)Real Friends
0%
The College Dropout (2004)School Spirit 1 (skit)
0%
The College Dropout (2004)School Spirit 2 (skit)
0%
Ye (2018)Wouldn't I Leave
0%

Score Distribution

Percentile by Number Answered

Percent of People with Each Score

Your Score History

You have not taken this quiz